Darts Premier League 2022 - Statistiken

Allgemein
  • Dieses Quiz wurde 566 mal gespielt
  • Das Durchschnittsergebnis liegt bei 7 aus 8
Antwortstatistiken
Nationalität Spieler % Korrekt
Niederlande Michael van Gerwen
99%
Schottland Peter Wright
99%
Schottland Gary Anderson
98%
Wales Gerwyn Price
98%
Wales Jonny Clayton
93%
England Michael Smith
92%
England James Wade
79%
England Joe Cullen
79%
Keine übereinstimmenden Quizze gefunden
Verteilung der Resultate
Anzahl Personen mit jedem Resultat
Perzentil nach korrekt beantworteten Fragen
Ihre Resultats-Entwicklung
Sie haben dieses Quiz noch nicht gespielt